Polohovanie objektu v jednej osi

Saved in:
Bibliographic Details
Main Author: Najšel, Igor (Author)
Other Authors: Körösi, Ladislav (Thesis advisor)
Format: Manuscript Book
Language:Slovak
Published: Bratislava : STU v Bratislave FEI, 2025
Subjects:
Online Access:https://opac.crzp.sk/?fn=detailBiblioFormChildW8L50&sid=BA75C2D62745AD5727EF979ED92F&seo=CRZP-detail-kniha
Tags: Add Tag
No Tags, Be the first to tag this record!

MARC

LEADER 00000ntm a22000003a 4500
001 stuzp101932
003 SK-STU
005 20260210100949.5
007 ta
008 150427s2015----xo-----f-mn---000-0-slo-d
040 |a STU  |b slo 
041 0 |a slo 
044 |a xo 
100 1 |a Najšel, Igor  |u 031000  |4 aut  |U FEI Fakulta elektrotechniky a informatiky  |T FEI Ústav robotiky a kybernetiky  |X 104546  |U E011  |Y 356  |7 104546 
242 0 1 |a Single Axis Object Positioning  |y eng 
245 1 0 |a Polohovanie objektu v jednej osi 
260 |a Bratislava :  |b STU v Bratislave FEI,  |c 2025 
300 |a 70 s. 
650 4 |a diskrétne riadenie  |2 slo 
650 4 |a polohovanie  |2 slo 
650 4 |a Python  |2 slo 
650 4 |a PID regulátor  |2 slo 
650 4 |a PID controller  |2 eng 
650 4 |a Python  |2 eng 
650 4 |a discrete control  |2 eng 
650 4 |a positioning  |2 eng 
700 1 |a Körösi, Ladislav  |u 031000  |k Z1  |4 ths  |U FEI Fakulta elektrotechniky a informatiky  |T FEI Ústav robotiky a kybernetiky  |X 4960  |U E011  |Y 356  |7 A000004960 
856 4 |u https://opac.crzp.sk/?fn=detailBiblioFormChildW8L50&sid=BA75C2D62745AD5727EF979ED92F&seo=CRZP-detail-kniha